UBT Library

Patterns in prehistory : (Record no. 39921)

000 -LEADER
fixed length control field 00620cam a2200229 i 4500
001 - CONTROL NUMBER
control field 4629238
005 - DATE AND TIME OF LATEST TRANSACTION
control field 20180109074250.0
008 - FIXED-LENGTH DATA ELEMENTS--GENERAL INFORMATION
fixed length control field 781106s1980 nyua b 001 0 eng
010 ## - LIBRARY OF CONGRESS CONTROL NUMBER
LC control number 78025942
020 ## - INTERNATIONAL STANDARD BOOK NUMBER
International Standard Book Number 0195025563
020 ## - INTERNATIONAL STANDARD BOOK NUMBER
International Standard Book Number 0195025571 (pbk.)
040 ## - CATALOGING SOURCE
Original cataloging agency DLC
Transcribing agency DLC
Modifying agency DLC
041 ## - LANGUAGE CODE
Language code of text/sound track or separate title eng
080 ## - UNIVERSAL DECIMAL CLASSIFICATION NUMBER
Universal Decimal Classification number 573.3 ROB
082 00 - DEWEY DECIMAL CLASSIFICATION NUMBER
Classification number 573.3 ROB
100 1# - Rafti
Rafti 16
101 ## - Shkurtesa
Shkurtesa HIS
245 10 - TITLE STATEMENT
Title Patterns in prehistory :
Statement of responsibility, etc Robert J. Wenke.
504 ## - BIBLIOGRAPHY, ETC. NOTE
Bibliography, etc Includes bibliographies and index.
906 ## - LOCAL DATA ELEMENT F, LDF (RLIN)
a 7
b cbc
c orignew
d 1
e ocip
f 19
g y-gencatlg
942 ## - ADDED ENTRY ELEMENTS (KOHA)
Source of classification or shelving scheme
Item type Books
Holdings
Withdrawn status Lost status Source of classification or shelving scheme Damaged status Not for loan Permanent location Current location Date acquired Total Checkouts Full call number Barcode Date last seen Price effective from Koha item type
          UBT - Lipjan UBT - Lipjan 01/09/2018   573.3 ROB 002-2995013 01/09/2018 01/09/2018 Books
UBT Library © 2015-2024. All rights reserved University Education for Business and Technology